|
|
|
|
| LEADER |
01005nam a2200325 a 4500 |
| 001 |
000535127 |
| 003 |
CZ BrMZK |
| 005 |
20201016215820.0 |
| 007 |
ta |
| 008 |
000115s2000 xr g 000 f cze d |
| 015 |
|
|
|a cnb000977290
|
| 020 |
|
|
|a 80-241-0301-X
|
| 035 |
|
|
|a (OCoLC)85006327
|
| 040 |
|
|
|a BOA001
|b cze
|
| 041 |
1 |
|
|a cze
|h eng
|
| 072 |
|
7 |
|a 821.111-3
|x Anglická próza, anglicky psaná
|2 Konspekt
|9 25
|
| 080 |
|
|
|a 821.111(94)-31
|2 MRF
|
| 080 |
|
|
|a (0:82-312.5)
|2 MRF
|
| 100 |
1 |
|
|a Hannay, Barbara
|7 xx0042267
|4 aut
|
| 245 |
1 |
0 |
|a Na poslední chvíli /
|c Barbara Hannayová ; [překlad Hana Mlíková]
|
| 260 |
|
|
|a Praha :
|b Harlequin,
|c c2000
|
| 300 |
|
|
|a 160 s. ;
|c 17 cm
|
| 490 |
1 |
|
|a Romance ;
|v 383 (C 9/00)
|
| 655 |
|
7 |
|a australské romány
|7 fd131842
|2 czenas
|
| 655 |
|
7 |
|a milostné romány
|7 fd132840
|2 czenas
|
| 700 |
1 |
|
|a Danková, Hana,
|d 1972-
|7 jx20040913014
|4 trl
|
| 765 |
0 |
|
|t Wedding countdown
|9 Česky
|
| 830 |
|
0 |
|a Romance (Harlequin)
|0 s
|
| 910 |
|
|
|a BOA001
|b 1-1081.361
|
| 990 |
|
|
|a BK
|